Socialističeskij trud ježemesjačnyj naučno-praktičeskij žurnal gosudarstvennogo komiteta SSSR po trudu i social'nym voprosam
Guardado en:
| Formato: | Seriadas |
|---|---|
| Lenguaje: | ruso |
| Publicado: |
Moskva
Transport
1980
|
| Etiquetas: |
Sin Etiquetas, Sea el primero en etiquetar este registro!
|
MARC
| LEADER | 00000nas2a2200000 4500 | ||
|---|---|---|---|
| 001 | s124426 | ||
| 005 | 20250730114225.0 | ||
| 041 | 0 | |a rus | |
| 044 | |a RU | ||
| 245 | 1 | 0 | |a Socialističeskij trud |b ježemesjačnyj naučno-praktičeskij žurnal gosudarstvennogo komiteta SSSR po trudu i social'nym voprosam |
| 264 | 1 | |a Moskva |b Transport |c 1980 | |
| 300 | |a 2 zv. | ||
| 773 | 0 | |w eu_un_cat*s120776 | |